Statistics for Ryder Cup Golf- Name all the players that have appeared for Europe in the 21st Century

Click here to take the quiz!

General Stats

  • This quiz has been taken 2,361 times
  • The average score is 19 of 36

Answer Stats

HintAnswer% Correct
2010, 2012, 2014Rory McIlroy
93%
2002, 2004, 2006, 2008, 2012, 2014Sergio Garcia
88%
2002, 2004, 2006, 2008, 2010, 2012, 2014Lee Westwood
86%
2004, 2008, 2010, 2012, 2014Ian Poulter
83%
2008, 2012, 2014Justin Rose
82%
2010, 2012, 2014Martin Kaymer
78%
2004, 2006, 2010, 2012Luke Donald
77%
2006, 2008, 2014Henrik Stenson
75%
2002, 2004, 2006Darren Clarke
74%
2008, 2010, 2012, 2014Graeme McDowell
74%
2002, 2004, 2006, 2008, 2010Padraig Harrington
70%
2010Edoardo Molinari
68%
2010, 2012Francesco Molinari
68%
2002, 2004, 2006Colin Montgomerie
63%
2006Jose Maria Olazabal
58%
2012Paul Lawrie
55%
2002, 2014Thomas Bjorn
55%
2002Bernhard Langer
53%
2004, 2006, 2008Paul Casey
53%
2014Jamie Donaldson
49%
2002, 2004, 2006Paul McGinley
48%
2004, 2008, 2010Miguel Angel Jimenez
44%
2014Victor Dubuisson
38%
2012Nicolas Colsaerts
36%
2014Stephen Gallacher
35%
2010, 2012Peter Hanson
32%
2010Ross Fisher
30%
2002Jesper Parnevik
27%
2002Philip Price
27%
2006, 2006Robert Karlsson
26%
2008Soren Hansen
26%
2004Thomas Levet
25%
2008Oliver Wilson
24%
2004, 2006David Howell
23%
2002Niclas Fasth
17%
2002Pierre Fulke
15%

Score Distribution

Percentile by Number Answered

Percent of People with Each Score

Your Score History

You have not taken this quiz